Les 10 villes les plus peuplées de la Creuse (23) - Statistiques

Statistiques générales
  • Ce quiz a été pris 55 fois
  • Le résultat moyen est 5 sur 10
Statistiques - réponses
Population Communes % Correct
12 800 Guéret
100%
4 900 La Souterraine
86%
3 000 Aubusson
84%
2 400 Bourganeuf
47%
1 600 Felletin
41%
1 600 Gouzon
35%
2 500 Sainte-Feyre
29%
1 400 Ahun
27%
1 700 Saint-Vaury
24%
1 900 Saint-Sulpice-le-Guérétois
18%
Aucun quiz correspondant
Distribution des résultats
% des personnes avec chaque résultat
Percentile par nombre de réponses
Votre historique - résultats
Vous n’avez pas pris ce quiz